Eastenders Characters - Sudden Death - Statistics

General Stats
  • This quiz has been taken 333 times
    332 since last reset
  • The average score is 10 of 21
Answers on the Grid
Answers color-coded by a green-red scale on the quiz's grid according to % correct below.
Pauline Richards
Angie Watts
Dr Foot
Fatboy
Billy Mitchell
Joe Wicks
Terry Raymond
Mitch Phillips
Crystal Ewing
Mary Smith
Slimboy
Ruth Fowler
Sandy Richardson
Patrick Trueman
Ethel Tanner
Barbara Mullaney
Ali Osman
Dr Legg
Belinda Slater
Nigel Bates
Peggy Mitchell
Dennis Dawson
Lucy Beale
Ian Teale
Simon Wicks
Kelvin Carpenter
Barry Evans
Tiffany Chapman
Diane Butcher
Carol Jackson
Junior Knight
Vinny Panesar
 
Answer Stats
Answer % Correct
Angie Watts
83%
Billy Mitchell
74%
Fatboy
72%
Peggy Mitchell
64%
Lucy Beale
62%
Patrick Trueman
62%
Carol Jackson
50%
Nigel Bates
48%
Barry Evans
47%
Dr Legg
47%
Joe Wicks
45%
Simon Wicks
45%
Vinny Panesar
43%
Ruth Fowler
42%
Ali Osman
41%
Junior Knight
40%
Terry Raymond
38%
Diane Butcher
37%
Belinda Slater
33%
Mary Smith
33%
Kelvin Carpenter
26%
No matching quizzes found
Score Distribution
Percent of People with Each Score
Percentile by Number Answered
Your Score History
You have not taken this quiz since the last reset